| 000 | 00560nam a2200193Ia 4500 | ||
|---|---|---|---|
| 003 | OSt | ||
| 005 | 20260601140551.0 | ||
| 008 | 210210b1977 xxu||||| |||| 00| 0 eng d | ||
| 040 | _cAL | ||
| 041 | _aKannada | ||
| 082 | _a158.1K BURN | ||
| 100 |
_aBURLI (K S). _dಬುರ್ಲಿ (ಕೆ ಎಸ್) _9264874 |
||
| 245 |
_aNimma Vyaktitva. _bನಿಮ್ಮ ವ್ಯಕ್ತಿತ್ವ. |
||
| 260 |
_aBengaluru _bKarnataka Prakashakara Parishattu _c1977 |
||
| 300 | _a200 | ||
| 690 |
_aApplied Psychology _9264875 |
||
| 906 | _a052470 | ||
| 942 |
_2ddc _cBK |
||
| 999 |
_c101098 _d101098 |
||